000 01128cam a22003373a 4500
001 1073
005 20230815160759.0
008 001026s2000 nyu c 000 1 eng d
020 _a0439216397
040 _aIEF
_cIEF
_dOCL
_dDLC
_beng
050 0 0 _aPZ7.B46626
082 _aFic
100 1 _aBetancourt, Jeanne
245 1 4 _aThe pony and the missing dog /
_cJeanne Betancourt ; illustrated by Paul Bachem.
246 3 _aPony & the missing dog
260 _aNew York :
_bScholastic,
_c2000.
300 _a85 pages :
_billustrations, 1 map ;
_c20 cm
490 1 _aPony Pals ;
_vBook 27
500 _a"Little Apple paperback."
505 _aO
520 _aPam's dog, Woolie, is lost! Together, the Pony Pals try to find him -- but it's Pam's pony, Lightning, that saves the day.
521 _a600
_bLexile
521 _aO
_bRaz-Plus
650 0 _aAmerican fiction
_y20th century.
650 0 _aPonies
_vJuvenile fiction.
650 0 _aPonies
_vFiction.
655 7 _aChildren's stories.
_2lcsh
700 1 _aBachem, Paul
906 _a7
_bcbc
_ccopycat
_d2
_encip
_f20
_gy-genrareb
942 _2ddc
_cBK
_n0
999 _c1073
_d1073